Normal view
MARC view
Entry Personal Name
001 - CONTROL NUMBER
- control field: 64007
003 - CONTROL NUMBER IDENTIFIER
- control field: dpl
005 - DATE AND TIME OF LATEST TRANSACTION
- control field: 20240327144932.0
008 - FIXED-LENGTH DATA ELEMENTS
- fixed length control field: 240327|| aca||aabn | a|a d
040 ## - CATALOGING SOURCE
- Original cataloging agency: dpl
- Transcribing agency: dpl
100 ## - HEADING--PERSONAL NAME
- Personal name: Jaiswal,Deepa
670 ## - SOURCE DATA FOUND
- Source citation: Work cat.: (dpl)195325: Jaiswal,Deepa, Faunal Diversity Of Bhoj Wetland,Bhopal,Madhya Pradesh,India/, 2020
